skbl

Dr Suryya Kumar Bhuyan Library Web-OPAC
ডঃ সূৰ্য্য
কুমাৰ ভূঞা পুথিভঁৰাল ৱেব-অ'পেক

All Research Scholars are advised to clear the annual library fees to continue using Library Resources, Remote Access, Plagiarism Test and Library Clearance.

Cotton University Book Fair 2026

Siksha Manobijnan / (Record no. 10014)

MARC details
000 -LEADER
fixed length control field 01064nam a2200409Ia 4500
001 - CONTROL NUMBER
control field 10027
005 - DATE AND TIME OF LATEST TRANSACTION
control field 20240113235201.0
007 - PHYSICAL DESCRIPTION FIXED FIELD--GENERAL INFORMATION
fixed length control field ta
008 - FIXED-LENGTH DATA ELEMENTS--GENERAL INFORMATION
fixed length control field 121012s1972 ii a g b000 u asm u
020 ## - INTERNATIONAL STANDARD BOOK NUMBER
Terms of availability Rs. 05.25 (Hard)
040 ## - CATALOGING SOURCE
Original cataloging agency Cotton College Assam
041 ## - LANGUAGE CODE
Language code of text/sound track or separate title asm
082 ## - DEWEY DECIMAL CLASSIFICATION NUMBER
Classification number 370.15
Item number B 288 Sc
100 ## - MAIN ENTRY--PERSONAL NAME
Personal name Barua, Jatin.
245 #0 - TITLE STATEMENT
Title Siksha Manobijnan /
Statement of responsibility, etc. Jatin Barua...(et al).
Medium Textual Documents
250 ## - EDITION STATEMENT
Edition statement 1st ed. /
260 ## - PUBLICATION, DISTRIBUTION, ETC.
Place of publication, distribution, etc. Gauhati University :
Name of publisher, distributor, etc. Pathyaputhi Prastuti Samity ,
Date of publication, distribution, etc. 1972.
300 ## - PHYSICAL DESCRIPTION
Extent 197p. :
Other physical details ill. ;
Dimensions 22cm .
365 ## - TRADE PRICE
Price type code Rs. 05.25
653 ## - INDEX TERM--UNCONTROLLED
Uncontrolled term Education
653 ## - INDEX TERM--UNCONTROLLED
Uncontrolled term Educational Psychology
653 ## - INDEX TERM--UNCONTROLLED
Uncontrolled term MS-Education
653 ## - INDEX TERM--UNCONTROLLED
Uncontrolled term Psychology-Education
653 ## - INDEX TERM--UNCONTROLLED
Uncontrolled term G-Education
653 ## - INDEX TERM--UNCONTROLLED
Uncontrolled term T/G-Education
700 ## - ADDED ENTRY--PERSONAL NAME
Personal name Sharma, Nandita .
700 ## - ADDED ENTRY--PERSONAL NAME
Personal name Sharma, Mukul .
700 ## - ADDED ENTRY--PERSONAL NAME
Personal name Das, Ramesh Ch. .
942 ## - ADDED ENTRY ELEMENTS (KOHA)
Source of classification or shelving scheme Dewey Decimal Classification
Koha item type Books
Holdings
Withdrawn status Lost status Damaged status Not for loan Collection Home library Current library Shelving location Date acquired Coded location qualifier Cost, normal purchase price Total checkouts Full call number Barcode Date last seen Copy number Price effective from Koha item type
          Dr. Suryya Kumar Bhuyan Library Dr. Suryya Kumar Bhuyan Library   01/02/2012 00000 5.25   370.15 B 288 Sc 72218 13/01/2024 4 01/02/2012 Books
          Dr. Suryya Kumar Bhuyan Library Dr. Suryya Kumar Bhuyan Library   01/02/2012 00000 5.25   370.15 B 288 Sc 60221 13/01/2024 5 01/02/2012 Books
          Dr. Suryya Kumar Bhuyan Library Dr. Suryya Kumar Bhuyan Library   01/02/2012 00000 5.25   370.15 B 288 Sc 60595 13/01/2024 3 01/02/2012 Books
          Dr. Suryya Kumar Bhuyan Library Dr. Suryya Kumar Bhuyan Library   01/02/2012 00000 5.25   370.15 B 288 Sc 60596 13/01/2024 1 01/02/2012 Books
          Dr. Suryya Kumar Bhuyan Library Dr. Suryya Kumar Bhuyan Library   01/02/2012 00000 5.25   370.15 B 288 Sc 70,709 13/01/2024 2 01/02/2012 Books
          Dr. Suryya Kumar Bhuyan Library Dr. Suryya Kumar Bhuyan Library   01/02/2012 00000 5.25   370.15 B 288 Sc 70705 13/01/2024 6 01/02/2012 Books

Designed and Maintained by Team SKBL
©1901-2026

Powered by Koha